[Event "DVM U12 2022"]
[Site "München GER"]
[Date "2022.12.29"]
[Round "6"]
[White "Müller, Anker"]
[Black "Braun, Julian"]
[Result "1-0"]
[Termination "normal"]
[Board "2.2"]
[WhiteElo "1509"]
[BlackElo "1683"]
[WhiteClock "00:08:43"]
[BlackClock "00:13:44"]
[WhiteTeam "SV Empor Berlin"]
[BlackTeam "Hamburger SK von 1830"]
[PlyCount "59"]
[WhiteFideId "1472070"]
[BlackFideId "16289293"]
[EventCountry "GER"]
[EventRounds "7"]
[EventType "team-swiss"]
[EventDate "2022.12.26"]

1. e4 {[%clk 01:30:59]} e5 {[%clk 01:30:59]} 2. d4 {[%clk 01:31:24]} {[%emt
00:00:05]} exd4 {[%clk 01:31:27]} {[%emt 00:00:03]} 3. Qxd4 {[%clk 01:31:45]}
{[%emt 00:00:09]} Nc6 {[%clk 01:31:55]} {[%emt 00:00:01]} 4. Qe3 {[%clk
01:32:03]} {[%emt 00:00:12]} Nf6 {[%clk 01:32:24]} {[%emt 00:00:02]} 5. Nc3
{[%clk 01:32:20]} {[%emt 00:00:12]} Bb4 {[%clk 01:32:44]} {[%emt 00:00:11]} 6.
Bd2 {[%clk 01:32:44]} {[%emt 00:00:06]} O-O {[%clk 01:33:10]} {[%emt 00:00:04]}
7. O-O-O {[%clk 01:32:41]} {[%emt 00:00:32]} Re8 {[%clk 01:33:34]} {[%emt
00:00:06]} 8. Qf4 {[%clk 01:32:55]} {[%emt 00:00:16]} Bxc3 {[%clk 01:30:09]}
{[%emt 00:03:56]} 9. Bxc3 {[%clk 01:33:03]} {[%emt 00:00:22]} Nxe4 {[%clk
01:30:11]} {[%emt 00:00:27]} 10. Bc4 {[%clk 01:33:20]} {[%emt 00:00:13]} Ng5
{[%clk 01:24:35]} {[%emt 00:06:06]} 11. h4 {[%clk 01:32:07]} {[%emt 00:01:43]}
Ne6 {[%clk 01:24:25]} {[%emt 00:00:40]} 12. Qg3 {[%clk 01:32:17]} {[%emt
00:00:20]} Qe7 {[%clk 01:18:01]} {[%emt 00:06:54]} 13. f4 {[%clk 01:31:35]}
{[%emt 00:01:11]} f5 {[%clk 01:13:35]} {[%emt 00:04:57]} 14. Nf3 {[%clk
01:27:27]} {[%emt 00:04:39]} a6 {[%clk 01:06:36]} {[%emt 00:07:28]} 15. h5
{[%clk 01:24:05]} {[%emt 00:03:52]} b5 {[%clk 01:04:42]} {[%emt 00:02:24]} 16.
Bb3 {[%clk 01:24:06]} {[%emt 00:00:29]} b4 {[%clk 01:03:35]} {[%emt 00:01:37]}
17. Be5 {[%clk 01:15:56]} {[%emt 00:08:40]} Nxe5 {[%emt 00:03:51]} 18. fxe5
{[%clk 01:14:11]} {[%emt 00:00:49]} Bb7 {[%clk 00:51:22]} {[%emt 00:10:48]} 19.
Nh4 {[%clk 01:12:43]} {[%emt 00:01:56]} Qf7 {[%clk 00:40:26]} {[%emt 00:11:28]}
20. Rdf1 {[%clk 00:56:17]} {[%emt 00:16:56]} Be4 {[%clk 00:37:12]} {[%emt
00:03:44]} 21. Nf3 {[%clk 00:44:30]} {[%emt 00:12:18]} h6 {[%clk 00:34:47]}
{[%emt 00:02:55]} 22. Nd2 {[%clk 00:34:36]} {[%emt 00:10:24]} Bc6 {[%clk
00:31:53]} {[%emt 00:03:23]} 23. Rf2 {[%clk 00:34:09]} {[%emt 00:00:58]} Bb5
{[%clk 00:27:32]} {[%emt 00:04:51]} 24. Nf3 {[%clk 00:20:21]} {[%emt 00:14:18]}
a5 {[%clk 00:23:44]} {[%emt 00:04:18]} 25. Nd4 {[%clk 00:17:40]} {[%emt
00:03:11]} Bc6 {[%clk 00:19:17]} {[%emt 00:04:57]} 26. Nxf5 {[%clk 00:17:33]}
{[%emt 00:00:37]} Kh8 {[%clk 00:17:19]} {[%emt 00:02:28]} 27. Nxh6 {[%clk
00:10:15]} {[%emt 00:07:49]} Qe7 {[%clk 00:16:26]} {[%emt 00:01:22]} 28. Nf7
{[%clk 00:10:33]} {[%emt 00:00:12]} Kg8 {[%clk 00:16:10]} {[%emt 00:00:46]} 29.
h6 {[%clk 00:08:39]} {[%emt 00:02:24]} Be4 {[%clk 00:13:44]} {[%emt 00:02:56]}
30. Bxe6 {[%clk 00:08:43]} {[%emt 00:00:26]} 1-0

[Event "DVM U12 2022"]
[Site "München GER"]
[Date "2022.12.29"]
[Round "6"]
[White "Haertel, Leon"]
[Black "Freude, Paul"]
[Result "1/2-1/2"]
[Termination "normal"]
[Board "2.3"]
[WhiteElo "1265"]
[BlackElo "1491"]
[WhiteClock "00:19:24"]
[BlackClock "00:18:51"]
[WhiteTeam "Hamburger SK von 1830"]
[BlackTeam "SV Empor Berlin"]
[PlyCount "114"]
[WhiteFideId "34623736"]
[BlackFideId "16280717"]
[EventCountry "GER"]
[EventRounds "7"]
[EventType "team-swiss"]
[EventDate "2022.12.26"]

1. d4 {[%clk 01:30:58]} {[%emt 00:00:02]} Nf6 {[%clk 01:30:49]} {[%emt
00:00:11]} 2. c4 {[%clk 01:31:23]} {[%emt 00:00:06]} e6 {[%clk 01:31:15]}
{[%emt 00:00:03]} 3. Nc3 {[%clk 01:31:49]} {[%emt 00:00:04]} Bb4 {[%clk
01:31:42]} {[%emt 00:00:03]} 4. Bd2 {[%clk 01:32:12]} {[%emt 00:00:06]} Bxc3
{[%clk 01:31:50]} {[%emt 00:00:22]} 5. Bxc3 {[%clk 01:32:37]} {[%emt 00:00:06]}
b6 {[%clk 01:31:58]} {[%emt 00:00:22]} 6. e3 {[%clk 01:32:09]} {[%emt
00:00:57]} Bb7 {[%clk 01:32:21]} {[%emt 00:00:08]} 7. Nf3 {[%clk 01:32:15]}
{[%emt 00:00:24]} O-O {[%clk 01:32:38]} {[%emt 00:00:13]} 8. Bd3 {[%clk
01:32:25]} {[%emt 00:00:20]} Qe7 {[%clk 01:32:23]} {[%emt 00:00:45]} 9. O-O
{[%clk 01:32:15]} {[%emt 00:00:40]} d6 {[%clk 01:32:29]} {[%emt 00:00:25]} 10.
Re1 {[%clk 01:31:06]} {[%emt 00:01:38]} Nbd7 {[%clk 01:32:24]} {[%emt
00:00:35]} 11. e4 {[%clk 01:29:24]} {[%emt 00:02:13]} e5 {[%clk 01:31:11]}
{[%emt 00:01:43]} 12. d5 {[%clk 01:29:07]} {[%emt 00:00:46]} Nc5 {[%clk
01:31:01]} {[%emt 00:00:40]} 13. Bc2 {[%clk 01:29:24]} {[%emt 00:00:13]} a5
{[%clk 01:30:57]} {[%emt 00:00:34]} 14. Nd2 {[%clk 01:24:55]} {[%emt 00:04:54]}
h6 {[%clk 01:27:24]} {[%emt 00:04:07]} 15. Nb3 {[%clk 01:19:56]} {[%emt
00:05:29]} Nfd7 {[%clk 01:27:13]} {[%emt 00:00:41]} 16. Nxc5 {[%clk 01:19:37]}
{[%emt 00:00:50]} Nxc5 {[%clk 01:27:01]} {[%emt 00:00:42]} 17. Qd2 {[%clk
01:19:07]} {[%emt 00:01:00]} Ba6 {[%clk 01:26:57]} {[%emt 00:00:34]} 18. b3
{[%clk 01:19:07]} {[%emt 00:00:30]} Bc8 {[%clk 01:26:34]} {[%emt 00:00:52]} 19.
f4 {[%clk 01:12:49]} {[%emt 00:06:49]} Nd7 {[%clk 01:22:36]} {[%emt 00:04:28]}
20. Rf1 {[%clk 01:08:37]} {[%emt 00:04:42]} exf4 {[%clk 01:19:50]} {[%emt
00:03:15]} 21. Rxf4 {[%clk 01:08:25]} {[%emt 00:00:43]} Ne5 {[%clk 01:19:34]}
{[%emt 00:00:45]} 22. Raf1 {[%clk 01:08:11]} {[%emt 00:00:32]} f6 {[%clk
01:12:32]} {[%emt 00:07:43]} 23. h3 {[%clk 00:59:07]} {[%emt 00:09:34]} g5
{[%clk 01:11:08]} {[%emt 00:01:54]} 24. R4f2 {[%clk 00:55:36]} {[%emt
00:04:00]} Bd7 {[%clk 01:08:00]} {[%emt 00:03:39]} 25. a3 {[%clk 00:42:43]}
{[%emt 00:13:23]} Kg7 {[%clk 01:05:44]} {[%emt 00:02:46]} 26. Qd4 {[%clk
00:40:28]} {[%emt 00:02:44]} Rf7 {[%clk 00:59:16]} {[%emt 00:06:59]} 27. b4
{[%clk 00:38:41]} {[%emt 00:02:17]} axb4 {[%clk 00:58:34]} {[%emt 00:01:12]}
28. axb4 {[%clk 00:38:49]} {[%emt 00:00:22]} Rh8 {[%clk 00:56:09]} {[%emt
00:02:55]} 29. Bd1 {[%clk 00:29:59]} {[%emt 00:09:21]} h5 {[%clk 00:53:51]}
{[%emt 00:02:47]} 30. Qe3 {[%clk 00:27:31]} {[%emt 00:02:56]} g4 {[%clk
00:41:25]} {[%emt 00:12:58]} 31. h4 {[%clk 00:24:07]} {[%emt 00:03:54]} Rh6
{[%clk 00:40:38]} {[%emt 00:01:17]} 32. Bxe5 {[%clk 00:12:38]} {[%emt
00:11:59]} Qxe5 {[%clk 00:39:53]} {[%emt 00:01:16]} 33. g3 {[%clk 00:12:44]}
{[%emt 00:00:22]} Rh8 {[%clk 00:36:24]} {[%emt 00:03:59]} 34. Kh2 {[%clk
00:11:47]} {[%emt 00:01:23]} Re8 {[%clk 00:34:48]} {[%emt 00:02:10]} 35. Bc2
{[%clk 00:10:47]} {[%emt 00:01:31]} Ra8 {[%clk 00:33:47]} {[%emt 00:01:31]} 36.
c5 {[%clk 00:09:17]} {[%emt 00:02:01]} bxc5 {[%clk 00:32:59]} {[%emt 00:01:18]}
37. bxc5 {[%clk 00:09:18]} {[%emt 00:00:28]} dxc5 {[%clk 00:32:28]} {[%emt
00:01:00]} 38. Qxc5 {[%clk 00:08:58]} {[%emt 00:00:51]} Ra2 {[%clk 00:30:08]}
{[%emt 00:02:50]} 39. Qc4 {[%clk 00:07:37]} {[%emt 00:01:44]} Ra3 {[%clk
00:29:20]} {[%emt 00:01:24]} 40. Rg1 {[%clk 00:07:04]} {[%emt 00:01:03]} Rc3
{[%clk 00:28:58]} {[%emt 00:00:52]} 41. Qe2 {[%clk 00:05:34]} {[%emt 00:01:58]}
f5 {[%clk 00:23:16]} {[%emt 00:06:16]} 42. exf5 {[%clk 00:02:20]} {[%emt
00:03:43]} Qxe2 {[%clk 00:23:19]} {[%emt 00:00:27]} 43. Rxe2 {[%clk 00:02:24]}
{[%emt 00:00:26]} Bxf5 {[%clk 00:20:17]} {[%emt 00:03:32]} 44. Ba4 {[%clk
00:01:07]} {[%emt 00:01:47]} Rd3 {[%clk 00:17:23]} {[%emt 00:03:22]} 45. Bc6
{[%clk 00:28:29]} {[%emt 00:03:12]} Bd7 {[%clk 00:43:20]} {[%emt 00:04:31]} 46.
Re5 {[%clk 00:24:46]} {[%emt 00:04:14]} Bxc6 {[%clk 00:38:25]} {[%emt
00:05:26]} 47. dxc6 {[%clk 00:19:47]} {[%emt 00:03:32]} Kg6 {[%emt 00:05:22]}
48. Rg5 {[%emt 00:01:34]} Kh6 {[%clk 00:34:10]} {[%emt 00:00:45]} 49. Rc5
{[%clk 00:19:40]} {[%emt 00:00:37]} Rf6 {[%clk 00:32:14]} {[%emt 00:02:26]} 50.
Rg2 {[%clk 00:19:45]} {[%emt 00:00:25]} Rff3 {[%clk 00:28:44]} {[%emt
00:03:59]} 51. Re5 {[%clk 00:19:45]} {[%emt 00:00:31]} Rd6 {[%clk 00:23:48]}
{[%emt 00:05:25]} 52. Rc5 {[%clk 00:19:47]} {[%emt 00:00:29]} Rdf6 {[%clk
00:21:11]} {[%emt 00:03:06]} 53. Rd2 {[%clk 00:18:44]} {[%emt 00:01:31]} Rf2
{[%clk 00:20:52]} {[%emt 00:00:52]} 54. Rxf2 {[%clk 00:18:58]} {[%emt
00:00:16]} Rxf2 {[%clk 00:20:44]} {[%emt 00:00:38]} 55. Kg1 {[%emt 00:00:27]}
Rf6 {[%clk 00:20:40]} {[%emt 00:00:18]} 56. Kg2 {[%clk 00:19:24]} {[%emt
00:00:24]} Kg6 {[%clk 00:20:38]} {[%emt 00:00:27]} 57. Rg5 {[%emt 00:02:12]}
Kh6 {[%clk 00:18:51]} {[%emt 00:00:21]} 1/2-1/2

[Event "DVM U12 2022"]
[Site "München GER"]
[Date "2022.12.29"]
[Round "6"]
[White "Jankowski, Antoni"]
[Black "Heil, Felix"]
[Result "1-0"]
[Termination "normal"]
[Board "2.4"]
[WhiteElo "1119"]
[BlackElo "1395"]
[WhiteClock "01:16:05"]
[BlackClock "01:24:47"]
[WhiteTeam "SV Empor Berlin"]
[BlackTeam "Hamburger SK von 1830"]
[PlyCount "57"]
[WhiteFideId "21076642"]
[BlackFideId "34604901"]
[EventCountry "GER"]
[EventRounds "7"]
[EventType "team-swiss"]
[EventDate "2022.12.26"]

1. e4 {[%clk 01:30:59]} e5 {[%clk 01:30:56]} {[%emt 00:00:04]} 2. Nf3 {[%clk
01:31:26]} {[%emt 00:00:03]} Nc6 {[%clk 01:31:22]} {[%emt 00:00:04]} 3. c3
{[%clk 01:31:53]} {[%emt 00:00:03]} Nf6 {[%clk 01:31:45]} {[%emt 00:00:07]} 4.
d4 {[%clk 01:32:14]} {[%emt 00:00:09]} exd4 {[%clk 01:32:07]} {[%emt 00:00:08]}
5. e5 {[%clk 01:32:18]} {[%emt 00:00:26]} Nd5 {[%clk 01:32:32]} {[%emt
00:00:05]} 6. cxd4 {[%clk 01:31:25]} {[%emt 00:01:24]} Bb4 {[%clk 01:32:53]}
{[%emt 00:00:09]} 7. Bd2 {[%clk 01:31:39]} {[%emt 00:00:15]} Bxd2 {[%clk
01:33:17]} {[%emt 00:00:06]} 8. Nbxd2 {[%clk 01:31:42]} {[%emt 00:00:27]} d6
{[%clk 01:33:16]} {[%emt 00:00:32]} 9. exd6 {[%clk 01:29:45]} {[%emt 00:02:27]}
Qxd6 {[%clk 01:33:25]} {[%emt 00:00:20]} 10. Nb3 {[%clk 01:29:01]} {[%emt
00:01:14]} Bg4 {[%clk 01:33:10]} {[%emt 00:00:46]} 11. Be2 {[%clk 01:28:59]}
{[%emt 00:00:31]} O-O {[%clk 01:33:06]} {[%emt 00:00:34]} 12. O-O {[%clk
01:29:09]} {[%emt 00:00:20]} Be6 {[%clk 01:31:55]} {[%emt 00:01:42]} 13. Qd2
{[%clk 01:26:24]} {[%emt 00:03:13]} Qf4 {[%clk 01:31:46]} {[%emt 00:00:40]} 14.
Bc4 {[%clk 01:23:58]} {[%emt 00:02:56]} Qxd2 {[%clk 01:30:23]} {[%emt
00:01:53]} 15. Nfxd2 {[%clk 01:24:07]} {[%emt 00:00:21]} Rad8 {[%clk 01:30:12]}
{[%emt 00:00:41]} 16. h3 {[%clk 01:22:32]} {[%emt 00:02:05]} a6 {[%clk
01:30:25]} {[%emt 00:00:17]} 17. Rac1 {[%clk 01:21:18]} {[%emt 00:01:43]} b5
{[%clk 01:30:35]} {[%emt 00:00:14]} 18. Bxb5 {[%clk 01:17:54]} {[%emt
00:04:00]} Ndb4 {[%clk 01:27:57]} {[%emt 00:03:09]} 19. Bxc6 {[%clk 01:18:11]}
{[%emt 00:00:13]} Nd3 {[%clk 01:27:58]} {[%emt 00:00:29]} 20. Rc3 {[%clk
01:15:39]} {[%emt 00:03:01]} Nxb2 {[%clk 01:28:13]} {[%emt 00:00:16]} 21. Rb1
{[%clk 01:15:56]} {[%emt 00:00:13]} Nd3 {[%clk 01:23:20]} {[%emt 00:05:23]} 22.
Rxd3 {[%clk 01:15:52]} {[%emt 00:00:33]} Rd6 {[%clk 01:23:35]} {[%emt
00:00:15]} 23. Rc3 {[%clk 01:15:11]} {[%emt 00:01:11]} Bf5 {[%clk 01:23:38]}
{[%emt 00:00:27]} 24. Rbc1 {[%clk 01:14:41]} {[%emt 00:01:00]} Rb8 {[%clk
01:23:46]} {[%emt 00:00:22]} 25. Be4 {[%clk 01:14:48]} {[%emt 00:00:23]} Bxe4
{[%clk 01:23:51]} {[%emt 00:00:24]} 26. Nxe4 {[%clk 01:15:16]} {[%emt
00:00:03]} Re8 {[%clk 01:24:12]} {[%emt 00:00:09]} 27. Nxd6 {[%clk 01:15:41]}
{[%emt 00:00:05]} cxd6 {[%clk 01:24:38]} {[%emt 00:00:03]} 28. Rc8 {[%clk
01:16:05]} {[%emt 00:00:07]} Rxc8 {[%clk 01:24:47]} {[%emt 00:00:21]} 29. Rxc8#
{[%emt 00:00:01]} 1-0

[Event "DVM U12 2022"]
[Site "München GER"]
[Date "2022.12.29"]
[Round "6"]
[White "Meusel, Theodor"]
[Black "Türel, Tugrul"]
[Result "0-1"]
[Termination "normal"]
[Board "3.1"]
[WhiteElo "1449"]
[BlackElo "1605"]
[WhiteClock "00:30:48"]
[BlackClock "00:17:54"]
[WhiteTeam "TSG Oberschöneweide"]
[BlackTeam "SF München"]
[PlyCount "88"]
[WhiteFideId "34617116"]
[BlackFideId "26338408"]
[EventCountry "GER"]
[EventRounds "7"]
[EventType "team-swiss"]
[EventDate "2022.12.26"]

1. c4 {[%clk 01:30:58]} {[%emt 00:00:02]} f5 {[%clk 01:30:54]} {[%emt
00:00:06]} 2. Nc3 {[%clk 01:30:54]} {[%emt 00:00:34]} e5 {[%clk 01:30:47]}
{[%emt 00:00:37]} 3. e3 {[%clk 01:30:11]} {[%emt 00:01:13]} Nf6 {[%clk
01:31:10]} {[%emt 00:00:08]} 4. Nge2 {[%clk 01:30:01]} {[%emt 00:00:40]} g6
{[%clk 01:31:07]} {[%emt 00:00:33]} 5. b3 {[%clk 01:28:36]} {[%emt 00:01:55]}
Bg7 {[%clk 01:31:26]} {[%emt 00:00:11]} 6. Bb2 {[%clk 01:28:50]} {[%emt
00:00:16]} O-O {[%clk 01:31:22]} {[%emt 00:00:35]} 7. g3 {[%clk 01:26:24]}
{[%emt 00:02:55]} d6 {[%clk 01:31:27]} {[%emt 00:00:25]} 8. Bg2 {[%clk
01:26:37]} {[%emt 00:00:17]} c6 {[%clk 01:27:50]} {[%emt 00:04:07]} 9. O-O
{[%clk 01:26:24]} {[%emt 00:00:43]} Na6 {[%clk 01:27:45]} {[%emt 00:00:35]} 10.
d4 {[%clk 01:23:08]} {[%emt 00:03:46]} e4 {[%clk 01:28:10]} {[%emt 00:00:05]}
11. d5 {[%clk 01:23:00]} {[%emt 00:00:38]} c5 {[%clk 01:28:27]} {[%emt
00:00:13]} 12. Qd2 {[%clk 01:20:08]} {[%emt 00:03:21]} Bd7 {[%clk 01:23:56]}
{[%emt 00:05:01]} 13. h4 {[%clk 01:17:05]} {[%emt 00:03:32]} Nc7 {[%clk
01:21:55]} {[%emt 00:02:33]} 14. Nf4 {[%clk 01:16:10]} {[%emt 00:01:25]} Qe7
{[%clk 01:17:25]} {[%emt 00:04:59]} 15. Rad1 {[%clk 01:13:53]} {[%emt
00:02:47]} a6 {[%clk 01:14:34]} {[%emt 00:03:22]} 16. Rb1 {[%clk 01:11:29]}
{[%emt 00:02:54]} b5 {[%clk 01:14:26]} {[%emt 00:00:38]} 17. Ba1 {[%clk
01:09:52]} {[%emt 00:02:07]} b4 {[%clk 01:13:41]} {[%emt 00:01:15]} 18. Nce2
{[%clk 01:06:07]} {[%emt 00:04:15]} a5 {[%clk 01:10:50]} {[%emt 00:03:22]} 19.
Bb2 {[%clk 01:05:08]} {[%emt 00:01:28]} a4 {[%clk 01:10:10]} {[%emt 00:01:10]}
20. Ra1 {[%clk 01:04:54]} {[%emt 00:00:45]} a3 {[%clk 01:04:39]} {[%emt
00:06:00]} 21. Bc1 {[%clk 01:03:07]} {[%emt 00:02:14]} Nfxd5 {[%clk 01:04:08]}
{[%emt 00:01:04]} 22. Rb1 {[%clk 01:00:55]} {[%emt 00:02:42]} Nxf4 {[%clk
01:00:58]} {[%emt 00:03:40]} 23. Nxf4 {[%clk 01:00:41]} {[%emt 00:00:43]} Bc6
{[%clk 01:01:10]} {[%emt 00:00:17]} 24. Rd1 {[%clk 00:58:49]} {[%emt 00:02:21]}
Rad8 {[%clk 00:58:38]} {[%emt 00:03:05]} 25. Qc2 {[%clk 00:54:30]} {[%emt
00:04:49]} Qe5 {[%clk 00:48:18]} {[%emt 00:10:46]} 26. Bd2 {[%clk 00:51:57]}
{[%emt 00:03:06]} Ne6 {[%clk 00:46:37]} {[%emt 00:02:10]} 27. Nxe6 {[%clk
00:49:37]} {[%emt 00:02:52]} Qxe6 {[%clk 00:46:21]} {[%emt 00:00:46]} 28. Be1
{[%clk 00:48:10]} {[%emt 00:01:49]} h6 {[%clk 00:43:59]} {[%emt 00:02:59]} 29.
Qe2 {[%clk 00:45:00]} {[%emt 00:03:41]} Rfe8 {[%clk 00:42:22]} {[%emt
00:02:05]} 30. Rbc1 {[%clk 00:42:27]} {[%emt 00:03:01]} Kf7 {[%clk 00:36:08]}
{[%emt 00:06:47]} 31. Rc2 {[%clk 00:41:19]} {[%emt 00:01:39]} g5 {[%clk
00:32:46]} {[%emt 00:03:51]} 32. Qh5 {[%clk 00:38:31]} {[%emt 00:03:17]} Qg6
{[%clk 00:33:05]} {[%emt 00:00:12]} 33. Qxg6 {[%clk 00:37:48]} {[%emt
00:01:14]} Kxg6 {[%clk 00:33:30]} {[%emt 00:00:05]} 34. hxg5 {[%clk 00:38:03]}
{[%emt 00:00:15]} hxg5 {[%clk 00:33:52]} {[%emt 00:00:07]} 35. Rcd2 {[%clk
00:37:32]} {[%emt 00:01:01]} Be5 {[%clk 00:33:27]} {[%emt 00:00:55]} 36. Kf1
{[%clk 00:36:45]} {[%emt 00:01:17]} Rh8 {[%clk 00:32:46]} {[%emt 00:01:10]} 37.
Kg1 {[%clk 00:34:00]} {[%emt 00:03:16]} Kf6 {[%clk 00:32:40]} {[%emt 00:00:36]}
38. Bf1 {[%clk 00:33:57]} {[%emt 00:00:34]} Rh7 {[%clk 00:32:17]} {[%emt
00:00:51]} 39. Bg2 {[%clk 00:33:18]} {[%emt 00:01:10]} Ke6 {[%clk 00:30:49]}
{[%emt 00:01:58]} 40. Rc2 {[%clk 00:32:06]} {[%emt 00:01:43]} Ke7 {[%clk
00:27:59]} {[%emt 00:03:17]} 41. Rcd2 {[%clk 00:32:11]} {[%emt 00:00:27]} Rg8
{[%clk 00:28:04]} {[%emt 00:00:25]} 42. Rc2 {[%clk 00:32:15]} {[%emt 00:00:25]}
Rhg7 {[%clk 00:17:38]} {[%emt 00:10:57]} 43. Bd2 {[%clk 00:31:36]} {[%emt
00:01:07]} f4 {[%clk 00:17:33]} {[%emt 00:00:38]} 44. g4 {[%clk 00:30:48]}
{[%emt 00:01:17]} f3 {[%clk 00:17:54]} {[%emt 00:00:10]} 0-1

[Event "DVM U12 2022"]
[Site "München GER"]
[Date "2022.12.29"]
[Round "6"]
[White "Büchel, David"]
[Black "Ollhoff, Hannes"]
[Result "1/2-1/2"]
[Termination "normal"]
[Board "3.2"]
[WhiteElo "1611"]
[BlackElo "1247"]
[WhiteClock "00:25:25"]
[BlackClock "00:07:17"]
[WhiteTeam "SF München"]
[BlackTeam "TSG Oberschöneweide"]
[PlyCount "59"]
[WhiteFideId "34603689"]
[BlackFideId "16266927"]
[EventCountry "GER"]
[EventRounds "7"]
[EventType "team-swiss"]
[EventDate "2022.12.26"]

1. e4 {[%clk 01:30:58]} e6 {[%clk 01:30:49]} {[%emt 00:00:11]} 2. Qe2 {[%clk
01:31:21]} {[%emt 00:00:07]} c5 {[%clk 01:25:38]} {[%emt 00:05:40]} 3. Nf3
{[%clk 01:31:05]} {[%emt 00:00:48]} Nc6 {[%clk 01:25:07]} {[%emt 00:01:01]} 4.
g3 {[%clk 01:31:08]} {[%emt 00:00:28]} Qc7 {[%clk 01:23:16]} {[%emt 00:02:20]}
5. Bg2 {[%clk 01:31:21]} {[%emt 00:00:17]} a6 {[%clk 01:22:34]} {[%emt
00:01:12]} 6. a4 {[%clk 01:31:21]} {[%emt 00:00:29]} b6 {[%clk 01:20:59]}
{[%emt 00:02:06]} 7. O-O {[%clk 01:30:19]} {[%emt 00:01:32]} Bb7 {[%clk
01:18:36]} {[%emt 00:02:52]} 8. d3 {[%clk 01:29:46]} {[%emt 00:01:04]} Nf6
{[%clk 01:17:08]} {[%emt 00:01:58]} 9. Re1 {[%clk 01:22:11]} {[%emt 00:08:04]}
d6 {[%clk 01:13:56]} {[%emt 00:03:42]} 10. Bf4 {[%clk 01:18:59]} {[%emt
00:03:40]} Be7 {[%clk 01:09:56]} {[%emt 00:04:33]} 11. Nbd2 {[%clk 01:17:39]}
{[%emt 00:01:49]} b5 {[%clk 01:04:30]} {[%emt 00:05:56]} 12. Nb3 {[%clk
01:08:35]} {[%emt 00:09:33]} O-O {[%clk 00:59:12]} {[%emt 00:05:49]} 13. h3
{[%clk 00:57:00]} {[%emt 00:12:06]} Rfd8 {[%clk 00:54:12]} {[%emt 00:05:29]}
14. Nxc5 {[%clk 00:52:45]} {[%emt 00:04:46]} e5 {[%clk 00:47:27]} {[%emt
00:07:15]} 15. Nxb7 {[%clk 00:52:29]} {[%emt 00:00:46]} Qxb7 {[%clk 00:47:38]}
{[%emt 00:00:19]} 16. Bc1 {[%clk 00:51:06]} {[%emt 00:01:53]} Rac8 {[%clk
00:43:35]} {[%emt 00:04:31]} 17. c3 {[%clk 00:44:08]} {[%emt 00:07:30]} Nd7
{[%clk 00:35:38]} {[%emt 00:08:28]} 18. Nh2 {[%clk 00:36:32]} {[%emt 00:08:06]}
Nc5 {[%clk 00:31:58]} {[%emt 00:04:09]} 19. axb5 {[%clk 00:36:14]} {[%emt
00:00:49]} Qxb5 {[%clk 00:28:24]} {[%emt 00:04:04]} 20. Rd1 {[%clk 00:35:50]}
{[%emt 00:00:54]} Rb8 {[%clk 00:23:48]} {[%emt 00:05:04]} 21. f4 {[%clk
00:33:26]} {[%emt 00:02:56]} Nb3 {[%clk 00:20:34]} {[%emt 00:03:43]} 22. Ra2
{[%clk 00:33:14]} {[%emt 00:00:42]} Nxc1 {[%clk 00:19:55]} {[%emt 00:01:09]}
23. Rxc1 {[%clk 00:33:21]} {[%emt 00:00:23]} a5 {[%clk 00:19:25]} {[%emt
00:01:00]} 24. f5 {[%clk 00:31:26]} {[%emt 00:02:26]} Qb3 {[%clk 00:17:08]}
{[%emt 00:02:45]} 25. Rca1 {[%clk 00:30:27]} {[%emt 00:01:29]} Qb6 {[%clk
00:13:44]} {[%emt 00:03:54]} 26. Kh1 {[%clk 00:30:29]} {[%emt 00:00:28]} Rb7
{[%clk 00:11:21]} {[%emt 00:02:53]} 27. g4 {[%clk 00:29:12]} {[%emt 00:01:47]}
Rdb8 {[%clk 00:09:40]} {[%emt 00:02:11]} 28. Qd2 {[%clk 00:26:32]} {[%emt
00:03:10]} h6 {[%clk 00:08:26]} {[%emt 00:01:45]} 29. Nf3 {[%clk 00:25:25]}
{[%emt 00:01:37]} Qd8 {[%clk 00:07:17]} {[%emt 00:01:37]} 30. Bf1 {[%emt
00:08:41]} 1/2-1/2